| Tag |
First Indicator |
Second Indicator |
Subfields |
| LEADER |
00000cam a2200000 4500 |
| 001 |
in00000068799 |
| 005 |
20151008050839.0 |
| 008 |
720901s1947 enk b 00000 eng u |
| 010 |
|
|
|a 47005332
|
| 035 |
|
|
|a (OCoLC)00398039
|
| 035 |
|
|
|9 AAG3782AM
|
| 040 |
|
|
|c WSU
|d TXA
|d UtOrBLW
|
| 049 |
|
|
|a TXAM
|c [229708]
|
| 050 |
|
0 |
|a DA47.65
|b .M5
|
| 092 |
|
|
|a 327.42
|b M628b
|
| 100 |
1 |
|
|a Middleton, K. W. B.
|
| 245 |
1 |
0 |
|a Britain and Russia :
|b an historical essay.
|
| 264 |
|
1 |
|a London,
|a New York :
|b Hutchinson,
|c [1947]
|
| 300 |
|
|
|a 238 pages
|
| 336 |
|
|
|a text
|b txt
|2 rdacontent
|
| 337 |
|
|
|a unmediated
|b n
|2 rdamedia
|
| 338 |
|
|
|a volume
|b nc
|2 rdacarrier
|
| 651 |
|
0 |
|a Great Britain
|x Foreign relations
|z Soviet Union.
|
| 651 |
|
0 |
|a Soviet Union
|x Foreign relations
|z Great Britain.
|
| 999 |
|
|
|a MARS
|
| 999 |
f |
f |
|s 9ba325a2-71e2-345b-891a-e1567085d360
|i 008be6b5-681b-3cd0-be83-b03a8ec7e02a
|t 0
|
| 952 |
f |
f |
|p ric
|a Texas A&M University
|b Rellis Campus
|c Joint Library Facility
|d Remote Storage
|t 0
|e DA47.65 .M5
|h Library of Congress classification
|i unmediated -- volume
|m A14800674652
|
| 998 |
f |
f |
|a DA47.65 .M5
|t 0
|l Remote Storage
|